|
|
|
|
| LEADER |
01233nam a2200301 a 4500 |
| 001 |
7120 |
| 003 |
BD-DhAAL |
| 005 |
20150627113654.0 |
| 008 |
150627s2005 maua b 001 0 eng |
| 010 |
|
|
|a 2003066002
|
| 020 |
|
|
|a 0072862823 (alk. paper)
|
| 040 |
|
|
|a DLC
|c DLC
|d DLC
|d BD-DhAAL
|
| 050 |
0 |
0 |
|a P90
|b .G299 2005
|
| 082 |
0 |
0 |
|a 302.2
|2 22
|
| 100 |
1 |
|
|a Gamble, Teri Kwal.
|9 11182
|
| 245 |
1 |
0 |
|a Communication works /
|c Teri Kwal Gamble, Michael Gamble.
|
| 250 |
|
|
|a 8th ed.
|
| 260 |
|
|
|a Boston :
|b McGraw-Hill,
|c c2005.
|
| 300 |
|
|
|a xxii, 580, [48] p. :
|b ill. (some col.) ;
|c 26 cm. +
|
| 504 |
|
|
|a Includes bibliographical references and index.
|
| 538 |
|
|
|a System requirements for accompanying computer disc: For Windows and Macintosh.
|
| 541 |
|
|
|e 7120
|
| 650 |
|
0 |
|a Communication.
|9 12514
|
| 700 |
1 |
|
|a Gamble, Michael,
|d 1943-
|9 11180
|
| 942 |
|
|
|2 ddc
|c BK
|
| 999 |
|
|
|c 34853
|d 34853
|
| 952 |
|
|
|0 0
|1 0
|2 ddc
|4 0
|6 302_200000000000000_GAM
|7 0
|9 54544
|a SCL
|b SCL
|c GEN
|d 2015-06-27
|e Gift: The Asia Foundation
|l 0
|o 302.2 GAM
|p 3020007120
|r 2015-06-27
|t 1
|w 2015-06-27
|y BK
|
| 952 |
|
|
|0 0
|1 0
|2 ddc
|4 0
|6 302_200000000000000_GAM
|7 0
|9 56310
|a SCL
|b SCL
|c GEN
|d 2015-10-14
|e Gift: The Asia Foundation
|l 0
|o 302.2 GAM
|p 3020007395
|r 2015-10-14
|t 2
|w 2015-10-14
|y BK
|